Megadiverse-valtiot - Statistics

Yleistilastot
  • Tätä visaa on pelattu 17 kertaa
  • Keskiarvotulos 10 / 17
Vastaustilastot
Vastaus % Oikein
Australia
100%
Brasilia
92%
Yhdysvallat
92%
Indonesia
75%
Intia
75%
Kongo
75%
Meksiko
75%
Kiina
67%
Etelä-Afrikka
58%
Kolumbia
58%
Peru
58%
Filippiinit
42%
Malesia
42%
Venezuela
42%
Papua Uusi Guinea
33%
Ecuador
17%
Madagaskar
17%
Ehtoja vastaavia visoja ei löytynyt
Tulosjakauma
Jokaisen tuloksen saaneiden osuus
Persentiili vastausten määrän mukaan
Tuloshistoriasi
Et ole pelannut tätä visaa